000 03537cam a2200301 4500500
005 20251228050534.0
041 _afre
042 _adc
100 1 0 _aJacquemart, Alban
_eauthor
245 0 0 _aL'engagement féministe des hommes, entre contestation et reproduction du genre
260 _c2013.
500 _a4
520 _aÀ partir d’une enquête auprès d’hommes engagés dans des collectifs féministes, cet article propose une analyse des réponses collectives et individuelles face à la reproduction, même partielle, des rapports sociaux de sexe au sein des groupes féministes. Il montre ainsi que l’engagement des hommes implique des ajustements organisationnels visant à réduire l’expression de la domination masculine. Du côté des militants, la prise en compte de leur exercice individuel de la domination masculine est potentiellement déstabilisatrice de l’engagement : l’euphémisation de leur participation à la reproduction des rapports sociaux de sexe permet alors d’assurer le maintien de l’engagement tandis que la volonté affichée de s’y confronter fragilise le militantisme et conduit, bien souvent, au désengagement.
520 _aMen in feminist movements, caught between contesting and reproducing genderStarting from a survey of men who are involved in feminist collectives, this article offers an analysis of the collective and individual responses to the (even partial) reproduction of social gender relations within feminist groups. It thus shows that the presence and activism of men implies organizational adjustments that are aimed at taming male domination. For activists, their own reflexivity about their individual exercise of male domination puts at risk their involvement, which leads to two attitudes: either to downplay their participation in the reproduction of male domination, which allows them to maintain their involvement in feminist organization, or the explicit desire to confront male domination, which threaten their activism and very often leads to disengagement.
520 _aEl compromiso feminista de los hombres, entre contestación y reproducción del géneroA partir de una encuesta llevada a cabo con hombres comprometidos en colectivos feministas, este artículo propone un análisis de las respuestas colectivas e individuales frente a la reproducción, incluso parcial, de las relaciones sociales de sexo dentro de los grupos feministas. Muestra así que el compromiso de los hombres implica ajustes organizacionales que tienen como finalidad reducir la expresión de la dominación masculina. Del lado de los militantes, la toma en consideración de su ejercicio individual de la dominación masculina es potencialmente desestabilizadora del compromiso: la eufemización de su participación en la reproducción de las relaciones sociales de sexo permite entonces asegurar el mantenimiento del compromiso mientras que la voluntad anunciada de confrontarse fragiliza el militantismo y conduce, con mucha frecuencia, al abandono del militantismo.
690 _aanti-patriarcat
690 _adomination masculine
690 _ahommes et féminisme
690 _amilitantisme
690 _aMix-Cité
690 _aactivism
690 _aanti-patriarchy
690 _amale domination
690 _amen and feminism
690 _aMix-Cité
786 0 _nCahiers du Genre | 55 | 2 | 2013-11-01 | p. 49-63 | 1298-6046
856 4 1 _uhttps://shs.cairn.info/revue-cahiers-du-genre-2013-2-page-49?lang=fr&redirect-ssocas=7080
999 _c1580579
_d1580579